| Tag |
First Indicator |
Second Indicator |
Subfields |
| LEADER |
00000cam a2200000 4500 |
| 001 |
in00000511595 |
| 005 |
20151013062245.0 |
| 008 |
721129s1951 nyucfj 00010 eng d |
| 010 |
|
|
|a a 51008955
|
| 035 |
|
|
|a (OCoLC)00503629
|
| 035 |
|
|
|9 ACD2307AM
|
| 040 |
|
|
|c MSC
|d OCL
|d TXA
|d UtOrBLW
|
| 049 |
|
|
|a TXAM
|c 1 [198082]
|c 2 [1238120]
|
| 090 |
|
|
|a PG3401
|b .S82 1951
|
| 100 |
1 |
|
|a Sukhotina, Tat.
|
| 245 |
1 |
4 |
|a The Tolstoy home ;
|b diaries of Tatiana Sukhotin-Tolstoy /
|c Translated by Alec Brown.
|
| 264 |
|
1 |
|a New York :
|b Columbia University Press,
|c 1951.
|
| 300 |
|
|
|a 352 pages :
|b plates, portraits, genealogical table. ;
|c 23 cm.
|
| 336 |
|
|
|a text
|b txt
|2 rdacontent
|
| 337 |
|
|
|a unmediated
|b n
|2 rdamedia
|
| 338 |
|
|
|a volume
|b nc
|2 rdacarrier
|
| 600 |
1 |
0 |
|a Tolstoy, Leo,
|c graf,
|d 1828-1910
|x Homes and haunts.
|
| 999 |
|
|
|a MARS
|
| 999 |
f |
f |
|s 4dd8ac2d-b494-3711-b52a-5c666651915e
|i c6273bf2-fa79-3561-abe1-b113cc03f732
|t 0
|
| 952 |
f |
f |
|p normal
|a Texas A&M University
|b College Station
|c Sterling C. Evans Library
|s Evans stk
|d Evans: Library Stacks
|t 0
|e PG3401 .S82 1951
|h Library of Congress classification
|i unmediated -- volume
|m A14803623480
|
| 998 |
f |
f |
|a PG3401 .S82 1951
|t 0
|l Evans: Library Stacks
|